A Study To Evaluate Economical and Efficient Mix Of Alum With Natural Polymer In Coagulation-Flocculation Processes (Record no. 174539)

000 -LEADER
fixed length control field nam a22 7a 4500
003 - CONTROL NUMBER IDENTIFIER
control field Nust
005 - DATE AND TIME OF LATEST TRANSACTION
control field 20170201093402.0
008 - FIXED-LENGTH DATA ELEMENTS--GENERAL INFORMATION
fixed length control field 170131b xxu||||| |||| 00| 0 eng d
040 ## - CATALOGING SOURCE
Transcribing agency 0
050 ## - LIBRARY OF CONGRESS CALL NUMBER
Item number 628 HAS
082 ## - DEWEY DECIMAL CLASSIFICATION NUMBER
Classification number 628 HAS
100 ## - MAIN ENTRY--PERSONAL NAME
Personal name Hashmat,Amer Jamal
245 ## - TITLE STATEMENT
Title A Study To Evaluate Economical and Efficient Mix Of Alum With Natural Polymer In Coagulation-Flocculation Processes
Statement of responsibility, etc. Amer Jamal Hashmat
260 ## - PUBLICATION, DISTRIBUTION, ETC.
Place of publication, distribution, etc. Rawalpindi
Name of publisher, distributor, etc. IESE (SCEE) NUST
Date of publication, distribution, etc. 1999.
300 ## - PHYSICAL DESCRIPTION
Extent 88 p.
Other physical details PB.
440 ## - SERIES STATEMENT/ADDED ENTRY--TITLE
Title MS Environmental Engineering
500 ## - GENERAL NOTE
General note Thesis MS EE
650 ## - SUBJECT ADDED ENTRY--TOPICAL TERM
Topical term or geographic name entry element Environmental Engineering
700 ## - ADDED ENTRY--PERSONAL NAME
Relator code Muhammad Sajjad (Supervisor)
942 ## - ADDED ENTRY ELEMENTS (KOHA)
Source of classification or shelving scheme
Koha item type Thesis
Call number prefix IESE
Holdings
Withdrawn status Lost status Source of classification or shelving scheme Damaged status Not for loan Collection code Permanent Location Current Location Shelving location Date acquired Total Checkouts Full call number Barcode Date last seen Price effective from Koha item type
        Not For Loan   Institute of Environmental Science and Engineering (IESE) Institute of Environmental Science and Engineering (IESE) Thesis 01/31/2017   628 HAS IESE-T-08 01/31/2017 01/31/2017 Thesis
        Not For Loan   Institute of Environmental Science and Engineering (IESE) Institute of Environmental Science and Engineering (IESE) Thesis 01/31/2017   628 HAS IESE-T-07 01/31/2017 01/31/2017 Thesis
© 2023 Central Library, National University of Sciences and Technology. All Rights Reserved.